[Event "Mittelfrankenliga 05/06 (B2b)"]
[Site "Mfr.2005/06-R6"]
[Date "2006.02.12"]
[Round "6.4"]
[White "Lunz, Dieter"]
[Black "Reinders, Rudolf"]
[Result "0-1"]
[WhiteElo "1906"]
[BlackElo "1902"]
[Annotator "Heilsbronn1-BSGW Erlangen1"]
[PlyCount "58"]
[EventDate "2006.02.12"]
[SourceDate "2005.10.17"]

1. e4 e5 2. Nf3 Nc6 3. Bb5 a6 4. Ba4 Nf6 5. O-O Nxe4 6. d4 b5 7. Bb3 d5 8. dxe5
Be6 9. Bf4 Be7 10. c3 O-O 11. Nd4 Nxd4 12. cxd4 f6 13. Nd2 fxe5 14. Bxe5 Nf6
15. Rc1 Bd6 16. Nf3 Kh8 17. Qc2 Ra7 18. Qc6 Bd7 19. Bxf6 Rxf6 20. Qxd5 Be6 21.
Qh5 Rh6 22. Qxh6 gxh6 23. Bxe6 Qf6 24. Rfe1 Ra8 25. Bd5 Rf8 26. Re2 b4 27. Ne5
Qf4 28. Rd1 a5 29. Re3 Qxf2+ 0-1

[Event "Mittelfrankenliga 05/06 (B2b)"]
[Site "Mfr.2005/06-R6"]
[Date "2006.02.12"]
[Round "6.5"]
[White "Schiller, Angel"]
[Black "Frank, Werner[62]"]
[Result "0-1"]
[WhiteElo "1780"]
[BlackElo "1839"]
[Annotator "Heilsbronn1-BSGW Erlangen1"]
[PlyCount "58"]
[EventDate "2006.02.12"]
[SourceDate "2005.10.17"]

1. e4 e5 2. Nf3 d6 3. d4 f5 4. dxe5 fxe4 5. Bg5 Be7 6. Bxe7 Qxe7 7. exd6 cxd6
8. Nd4 Nf6 9. Bb5+ Bd7 10. Nf5 Qe5 11. Nxd6+ Ke7 12. Bxd7 Nbxd7 13. Nc4 Qc5 14.
Qe2 b5 15. Na5 Rac8 16. c3 Qg5 17. O-O Rhe8 18. Qd2 Qg4 19. Na3 Ne5 20. Kh1
Red8 21. Qe3 Qh5 22. Qxa7+ Kf8 23. Qe3 Rd3 24. Qf4 Ng6 25. g4 Qh3 26. Qf5 Rcd8
27. Nc2 Nh4 28. Qc5+ Kg8 29. Rg1 Qf3+ 0-1

[Event "Mittelfrankenliga 05/06 (B2b)"]
[Site "Mfr.2005/06-R6"]
[Date "2006.02.12"]
[Round "6.6"]
[White "Heinz, Manfred"]
[Black "Reincke, Peter Uwe"]
[Result "0-1"]
[WhiteElo "1692"]
[BlackElo "1759"]
[Annotator "Heilsbronn1-BSGW Erlangen1"]
[PlyCount "96"]
[EventDate "2006.02.12"]
[SourceDate "2005.10.17"]

1. Nf3 c5 2. g3 Nc6 3. Bg2 g6 4. d3 Bg7 5. Nbd2 d5 6. O-O e6 7. e4 Nge7 8. exd5
exd5 9. Nb3 b6 10. c3 O-O 11. d4 c4 12. Nbd2 h6 13. b3 cxb3 14. axb3 Be6 15.
Re1 Rc8 16. Ba3 Re8 17. Nf1 Qd7 18. Ne3 Na5 19. Rc1 Qb5 20. Bb4 Qd7 21. Bxa5
bxa5 22. c4 a4 23. c5 axb3 24. Qxb3 Nc6 25. Qc3 Rb8 26. Rb1 Qc7 27. Bf1 Rxb1
28. Rxb1 Rb8 29. Rxb8+ Qxb8 30. Bd3 a5 31. Nc2 g5 32. Kg2 a4 33. Nd2 f5 34. Qa1
Nb4 35. Nxb4 Qxb4 36. Nf3 Bd7 37. c6 Bxc6 38. Bxf5 a3 39. Qc1 Qd6 40. Bb1 Bb7
41. Qe3 Bc6 42. Qd3 Bd7 43. Qh7+ Kf8 44. Qd3 Qb4 45. Ne5 Bxe5 46. dxe5 Qe4+ 47.
Qf3+ Qxf3+ 48. Kxf3 Bb5 0-1

[Event "Mittelfrankenliga 05/06 (B2b)"]
[Site "Mfr.2005/06-R6"]
[Date "2006.02.12"]
[Round "6.7"]
[White "Mueller, Werner[52]"]
[Black "Wiedemann, Jan"]
[Result "0-1"]
[WhiteElo "1756"]
[BlackElo "1657"]
[Annotator "Heilsbronn1-BSGW Erlangen1"]
[PlyCount "76"]
[EventDate "2006.02.12"]
[SourceDate "2005.10.17"]

1. Nc3 Nf6 2. e4 e5 3. f4 d6 4. Nf3 Bg4 5. h3 Bxf3 6. Qxf3 Be7 7. Bc4 Nc6 8. d3
Qd7 9. Be3 Na5 10. Bb3 Nxb3 11. axb3 O-O 12. g4 Kh8 13. g5 Ng8 14. f5 c6 15. h4
b5 16. O-O-O a5 17. d4 Qc7 18. dxe5 dxe5 19. h5 a4 20. g6 h6 21. gxf7 Rxf7 22.
bxa4 b4 23. Nb1 Rxa4 24. Qg3 b3 25. cxb3 Rxe4 26. Nc3 Rxe3 27. Qg6 Bg5 28. Kb1
Nf6 29. Rhg1 Qe7 30. Rxg5 hxg5 31. Qxg5 Rh3 32. Qg2 Rxh5 33. Qxc6 Rxf5 34. Qc8+
Ne8 35. Nd5 Qf8 36. Ne3 Rf3 37. Rd8 Rc7 38. Qxc7 Nxc7 0-1

[Event "Mittelfrankenliga 05/06 (B2b)"]
[Site "Mfr.2005/06-R6"]
[Date "2006.02.12"]
[Round "6.1"]
[White "Konrad, Edmund"]
[Black "Fink, Martin"]
[Result "1/2-1/2"]
[WhiteElo "2250"]
[BlackElo "1875"]
[Annotator "Heideck1-Postbauer2"]
[PlyCount "60"]
[EventDate "2006.02.12"]
[SourceDate "2005.10.17"]

1. e4 c5 2. Nc3 Nc6 3. g3 d6 4. Bg2 Nf6 5. d3 e6 6. f4 Be7 7. Nf3 O-O 8. O-O d5
9. e5 Ne8 10. Qe2 f5 11. exf6 Bxf6 12. Nd1 b5 13. Ne3 Nd4 14. Nxd4 Bxd4 15. c3
Bf6 16. Ng4 a5 17. Nxf6+ Nxf6 18. Be3 Qc7 19. Rfe1 Ra6 20. c4 bxc4 21. dxc4 d4
22. Bf2 Bb7 23. Qe5 Qxe5 24. fxe5 Ng4 25. Re2 Bxg2 26. Kxg2 d3 27. Rd2 Nxe5 28.
b3 Rc6 29. Be3 Rd8 30. Rad1 Ng4 1/2-1/2

[Event "Mittelfrankenliga 05/06 (B2b)"]
[Site "Mfr.2005/06-R6"]
[Date "2006.02.12"]
[Round "6.2"]
[White "Kirchner, Norbert jr."]
[Black "Kendzia, Nikolai"]
[Result "1/2-1/2"]
[WhiteElo "2060"]
[BlackElo "1902"]
[Annotator "Heideck1-Postbauer2"]
[PlyCount "49"]
[EventDate "2006.02.12"]
[SourceDate "2005.10.17"]

1. e4 e6 2. d4 d5 3. e5 c5 4. c3 Nc6 5. Nf3 Qb6 6. Bd3 Bd7 7. dxc5 Bxc5 8. O-O
Qc7 9. Qe2 Nge7 10. b4 Bb6 11. a4 a6 12. Ba3 Ng6 13. Bxg6 hxg6 14. Nbd2 f6 15.
c4 Nd4 16. Qd3 Nxf3+ 17. Nxf3 O-O-O 18. cxd5 Bc6 19. d6 fxe5 20. b5 e4 21. dxc7
Rxd3 22. Ne5 Bxc7 23. Nxd3 Bxh2+ 24. Kh1 Be5+ 25. Kg1 1/2-1/2

[Event "Mittelfrankenliga 05/06 (B2b)"]
[Site "Mfr.2005/06-R6"]
[Date "2006.02.12"]
[Round "6.3"]
[White "Mitterhuemer, Guenter"]
[Black "Platz, Stephan"]
[Result "1-0"]
[WhiteElo "2093"]
[BlackElo "1865"]
[Annotator "Heideck1-Postbauer2"]
[PlyCount "65"]
[EventDate "2006.02.12"]
[SourceDate "2005.10.17"]

1. e4 e5 2. f4 exf4 3. Nf3 g5 4. d4 g4 5. Bxf4 gxf3 6. Qxf3 d6 7. Bc4 Be6 8.
Bxe6 fxe6 9. O-O Kd7 10. Qb3 Bg7 11. e5 Nc6 12. c3 d5 13. Qxb7 Rb8 14. Qa6 Rxb2
15. Nd2 Bh6 16. Nb3 Rxb3 17. axb3 Bxf4 18. Rxf4 Qg5 19. Rf8 Nd8 20. Qb5+ Nc6
21. Raf1 Qe3+ 22. Kh1 Qxc3 23. R1f7+ Nge7 24. Rxh8 Qxd4 25. Rhxh7 Qa1+ 26. Rf1
Qxe5 27. Rxe7+ Kxe7 28. Qxc6 d4 29. Qf3 Qb5 30. Qf6+ Ke8 31. Re1 Qxb3 32. Rxe6+
Kd7 33. Qf7+ 1-0

[Event "Mittelfrankenliga 05/06 (B2b)"]
[Site "Mfr.2005/06-R6"]
[Date "2006.02.12"]
[Round "6.4"]
[White "Wegmann, Wolfgang"]
[Black "Naegelein, Andreas"]
[Result "1-0"]
[WhiteElo "1725"]
[BlackElo "1820"]
[Annotator "Heideck1-Postbauer2"]
[PlyCount "97"]
[EventDate "2006.02.12"]
[SourceDate "2005.10.17"]

1. e4 Nc6 2. Nc3 d6 3. Bc4 Nf6 4. d4 g6 5. h3 Bg7 6. Nf3 O-O 7. O-O e5 8. dxe5
Nxe5 9. Nxe5 dxe5 10. Qxd8 Rxd8 11. Bg5 c6 12. f4 Rd4 13. fxe5 Rxc4 14. Bxf6
Be6 15. Rad1 h5 16. Rf3 Bxf6 17. exf6 b5 18. a3 a5 19. b3 Rc5 20. Rd2 Re5 21.
Ne2 Rxe4 22. Nf4 Re8 23. Rd6 c5 24. Ra6 Re1+ 25. Kh2 Bf5 26. Rxa5 h4 27. Nd5
Be4 28. Ne7+ Kh7 29. Rf4 g5 30. Rg4 Rd8 31. Rxg5 Bg6 32. Rg4 Kh6 33. Rxh4+ Kg5
34. Nxg6 fxg6 35. Rg4+ Kxf6 36. Rxb5 Rdd1 37. Rxc5 Rh1+ 38. Kg3 Rd6 39. Rf4+
Kg7 40. Rc7+ Kh6 41. h4 g5 42. hxg5+ Kxg5 43. Rg7+ Kh6 44. Rg8 Kh7 45. Rgg4 Rc1
46. Rc4 Re6 47. Rc3 Re2 48. Kh2 Ree1 49. Rh3# 1-0

[Event "Mittelfrankenliga 05/06 (B2b)"]
[Site "Mfr.2005/06-R6"]
[Date "2006.02.12"]
[Round "6.5"]
[White "Firla, Erwin"]
[Black "Reichmann, Ulrich"]
[Result "1/2-1/2"]
[WhiteElo "1944"]
[BlackElo "1908"]
[Annotator "Heideck1-Postbauer2"]
[PlyCount "71"]
[EventDate "2006.02.12"]
[SourceDate "2005.10.17"]

1. e4 c5 2. Nf3 Nc6 3. d4 cxd4 4. c3 dxc3 5. Nxc3 e6 6. Bc4 a6 7. a4 Bb4 8. Bd2
Nge7 9. O-O Qa5 10. Qc2 O-O 11. Ba2 Ng6 12. Rfd1 Qh5 13. Ne2 Qa5 14. Be3 b5 15.
Bb3 bxa4 16. Rxa4 Qb5 17. Ned4 Nxd4 18. Bxd4 a5 19. Bc3 Ba6 20. Bxb4 axb4 21.
Qd2 Qh5 22. Rxb4 h6 23. Bc4 e5 24. Qd6 Bxc4 25. Rxc4 Rae8 26. b4 Nf4 27. Qd2
Nxg2 28. Kxg2 Qg4+ 29. Kf1 Qxf3 30. b5 Re6 31. Qd3 Qh1+ 32. Ke2 Qxh2 33. Qxd7
Rf6 34. Rf1 Qh5+ 35. f3 Rg6 36. Rc8 1/2-1/2

[Event "Mittelfrankenliga 05/06 (B2b)"]
[Site "Mfr.2005/06-R6"]
[Date "2006.02.12"]
[Round "6.6"]
[White "Korth, Manfred,Dr."]
[Black "Pfeiffer, Georg"]
[Result "0-1"]
[WhiteElo "1868"]
[BlackElo "1911"]
[Annotator "Heideck1-Postbauer2"]
[PlyCount "72"]
[EventDate "2006.02.12"]
[SourceDate "2005.10.17"]

1. c4 Nf6 2. Nc3 d5 3. cxd5 Nxd5 4. Nf3 g6 5. g3 Bg7 6. Bg2 O-O 7. O-O c6 8. e4
Nb4 9. d4 Nd7 10. a3 Na6 11. Be3 Nb6 12. Qc1 Bg4 13. Ne2 Be6 14. Bh6 Nc7 15.
Bxg7 Kxg7 16. Nd2 Nb5 17. b4 f6 18. d5 cxd5 19. Nf4 Bf7 20. a4 Nd4 21. Qb2 e5
22. Nxd5 Nxd5 23. exd5 Bxd5 24. Ne4 Rc8 25. Rac1 b6 26. Rfd1 Qd7 27. f4 Rxc1
28. Rxc1 Rc8 29. Rd1 Rc2 30. Qb1 Qc6 31. b5 Qc4 32. Nd2 Ne2+ 33. Kh1 Bxg2+ 34.
Kxg2 Qd5+ 35. Nf3 Nxf4+ 36. Kg1 Nh3+ 0-1

[Event "Mittelfrankenliga 05/06 (B2b)"]
[Site "Mfr.2005/06-R6"]
[Date "2006.02.12"]
[Round "6.7"]
[White "Mueller, Rudolf[31]"]
[Black "Ruderer, Thomas"]
[Result "1/2-1/2"]
[WhiteElo "1889"]
[BlackElo "1732"]
[Annotator "Heideck1-Postbauer2"]
[PlyCount "59"]
[EventDate "2006.02.12"]
[SourceDate "2005.10.17"]

1. d4 d5 2. Nd2 e6 3. Ngf3 Nf6 4. e3 c5 5. c3 Nc6 6. Bd3 Be7 7. O-O O-O 8. Re1
Bd7 9. b3 Rc8 10. Bb2 a6 11. a4 Qc7 12. dxc5 Bxc5 13. b4 Be7 14. e4 dxe4 15.
Nxe4 Nxe4 16. Bxe4 Bf6 17. Qe2 Ne7 18. Nd4 Nc6 19. Nb3 Ne5 20. Nc5 Bc6 21. Bxc6
Qxc6 22. c4 Nd7 23. Bxf6 Nxf6 24. Rac1 a5 25. Ne4 Qxa4 26. Nxf6+ gxf6 27. b5
Rc5 28. Qf3 Rxc4 29. Qxf6 Rxc1 30. Qg5+ 1/2-1/2

[Event "Mittelfrankenliga 05/06 (B2b)"]
[Site "Mfr.2005/06-R6"]
[Date "2006.02.12"]
[Round "6.8"]
[White "Perner, Bastian"]
[Black "Lamprecht, Friedrich"]
[Result "0-1"]
[WhiteElo "1581"]
[BlackElo "1784"]
[Annotator "Heideck1-Postbauer2"]
[PlyCount "50"]
[EventDate "2006.02.12"]
[SourceDate "2005.10.17"]

1. e4 c6 2. d4 d5 3. exd5 cxd5 4. c4 e6 5. Nc3 Nf6 6. Nf3 Nc6 7. Bg5 Be7 8. Be2
O-O 9. O-O Re8 10. Re1 b6 11. Ne5 Bb7 12. Rc1 dxc4 13. Nxc6 Bxc6 14. Bxc4 a6
15. Bb3 Rc8 16. Re2 Qd6 17. Rd2 Ne4 18. Nxe4 Bxe4 19. Bxe7 Qxe7 20. Rxc8 Rxc8
21. Qe2 Rc1+ 22. Rd1 Rxd1+ 23. Qxd1 Qg5 24. f3 Qe3+ 25. Kf1 Bd3+ 0-1

[Event "Mittelfrankenliga 05/06 (B2b)"]
[Site "Mfr.2005/06-R6"]
[Date "2006.02.12"]
[Round "6.1"]
[White "Alsheimer, Christoph"]
[Black "Witt, Alfred"]
[Result "1-0"]
[WhiteElo "2016"]
[BlackElo "1926"]
[Annotator "Ansbach1-Bechhofen1"]
[PlyCount "83"]
[EventDate "2006.02.12"]
[SourceDate "2005.10.17"]

1. d4 Nf6 2. Nf3 d5 3. e3 g6 4. c4 Bg7 5. Nc3 O-O 6. Qb3 dxc4 7. Bxc4 Nc6 8.
Ne5 Qe8 9. Nxc6 Qxc6 10. O-O a6 11. a4 e6 12. Be2 Qd6 13. Rd1 Rd8 14. e4 e5 15.
dxe5 Be6 16. Rxd6 Bxb3 17. Rxd8+ Rxd8 18. Bg5 h6 19. Bxf6 Rd2 20. Bxg7 Kxg7 21.
Rb1 Bc2 22. Rc1 Bxe4 23. Nxe4 Rxe2 24. f3 c6 25. b3 Kf8 26. Kf1 Rb2 27. Rc3 b6
28. Nf6 Ke7 29. Rxc6 Rxb3 30. Nd5+ Kd7 31. Rd6+ Kc8 32. Rxb6 Rd3 33. Rd6 Rb3
34. Rxa6 Kb7 35. Rb6+ Rxb6 36. Nxb6 Kxb6 37. Ke2 Ka5 38. Kd3 Kxa4 39. Kc4 g5
40. g3 Ka3 41. f4 Ka4 42. f5 1-0

[Event "Mittelfrankenliga 05/06 (B2b)"]
[Site "Mfr.2005/06-R6"]
[Date "2006.02.12"]
[Round "6.2"]
[White "Reizine, Viatcheslav"]
[Black "Lutz, Thomas"]
[Result "1-0"]
[WhiteElo "1944"]
[BlackElo "1975"]
[Annotator "Ansbach1-Bechhofen1"]
[PlyCount "115"]
[EventDate "2006.02.12"]
[SourceDate "2005.10.17"]

1. e4 c5 2. Nf3 e6 3. d4 cxd4 4. Nxd4 a6 5. Nd2 Qc7 6. N2f3 d6 7. Bd3 Nf6 8.
O-O Be7 9. h3 Nbd7 10. Bg5 O-O 11. Bh4 Re8 12. Ng5 Ne5 13. Bg3 h6 14. Ngf3 Nxd3
15. cxd3 Qb6 16. e5 dxe5 17. Bxe5 Nd5 18. Nb3 Bf6 19. d4 Bd7 20. Re1 Ba4 21.
Re4 Rac8 22. Rg4 Red8 23. Qd2 Bxe5 24. Nxe5 Nf6 25. Qf4 Nxg4 26. Qxf7+ Kh8 27.
hxg4 Bxb3 28. axb3 Qxd4 29. Qxe6 Re8 30. Ng6+ Kh7 31. Qf5 Qf6 32. Qxf6 gxf6 33.
Nf4 Rc2 34. Rd1 Re7 35. Rd6 Rxb2 36. Nh5 Rc2 37. Nxf6+ Kh8 38. Rd8+ Kg7 39. Nd5
Rf7 40. f4 Rd2 41. f5 a5 42. Rd6 b5 43. Rg6+ Kf8 44. Nf4 a4 45. bxa4 bxa4 46.
Ra6 Ra2 47. Rxh6 a3 48. Ra6 Ra1+ 49. Kf2 a2 50. f6 Rd7 51. g5 Rd2+ 52. Kg3 Rad1
53. Ra8+ Kf7 54. Ra7+ Rd7 55. Rxa2 Rb7 56. Ra6 Rdb1 57. g6+ Kg8 58. f7+ 1-0

[Event "Mittelfrankenliga 05/06 (B2b)"]
[Site "Mfr.2005/06-R6"]
[Date "2006.02.12"]
[Round "?"]
[White "Boese, Klaus"]
[Black "Kiefer, Johannes"]
[Result "1-0"]
[WhiteElo "2020"]
[BlackElo "1729"]
[Annotator "Ansbach1-Bechhofen1"]
[PlyCount "83"]
[EventDate "2006.02.12"]
[SourceDate "2005.10.17"]

1. d4 Nf6 2. Bf4 d6 3. e3 g6 4. Nf3 Bg7 5. Bc4 O-O 6. h3 Nbd7 7. O-O Re8 8.
Bxf7+ Kh8 9. Bxe8 Qxe8 10. c3 e5 11. dxe5 dxe5 12. Bh2 c6 13. Nbd2 e4 14. Nd4
Nc5 15. Qc2 g5 16. Nc4 Qh5 17. Bg3 Ne6 18. Qe2 g4 19. h4 Nd5 20. Nd6 Qg6 21. h5
Nxd4 22. exd4 Qxh5 23. Qxe4 Nf6 24. Qe7 Bf5 25. Qxb7 Rf8 26. Nxf5 Qxf5 27. Qxc6
Ne4 28. Rad1 h5 29. a4 Kh7 30. Qb5 Qf7 31. Rde1 Nd2 32. Qd3+ Qf5 33. Qxd2 Bh6
34. Re7+ Rf7 35. Rxf7+ Qxf7 36. Qd3+ Kg8 37. d5 Bg5 38. Qe4 Kh8 39. Be5+ Kg8
40. Bd4 Kf8 41. Re1 Bh4 42. Qe6 1-0

[Event "Mittelfrankenliga 05/06 (B2b)"]
[Site "Mfr.2005/06-R6"]
[Date "2006.02.12"]
[Round "6.4"]
[White "Nahlik, Bernhard"]
[Black "Kaiser, Harald[66]"]
[Result "0-1"]
[WhiteElo "1846"]
[BlackElo "1935"]
[Annotator "Ansbach1-Bechhofen1"]
[PlyCount "114"]
[EventDate "2006.02.12"]
[SourceDate "2005.10.17"]

1. e4 d6 2. d4 Nf6 3. Nc3 e5 4. dxe5 dxe5 5. Qxd8+ Kxd8 6. Bg5 Be6 7. O-O-O+
Nbd7 8. f4 exf4 9. e5 h6 10. Bxf6+ gxf6 11. exf6 Bc5 12. Be2 c6 13. Bf3 Kc7 14.
Ne4 Be3+ 15. Kb1 Rhg8 16. Ne2 Rg6 17. Nd4 Bd5 18. Nf5 Bxe4 19. Bxe4 Nxf6 20.
Bf3 Re8 21. Nd6 Re7 22. h3 Rg5 23. a3 b5 24. Rd3 Bc5 25. Rhd1 Rge5 26. c4 Rd7
27. Ne8+ Rxe8 28. Rxd7+ Nxd7 29. cxb5 cxb5 30. b4 Be3 31. Rd3 Ne5 32. Rc3+ Kd8
33. Bh5 Re7 34. Ka2 Rc7 35. Kb3 Rxc3+ 36. Kxc3 Kc7 37. Kb3 f6 38. a4 bxa4+ 39.
Kxa4 Kb6 40. Kb3 Nd3 41. Bg6 Ne5 42. Bh5 Kc6 43. Kc3 Kd5 44. Bd1 Ng6 45. Bf3+
Ke5 46. Kd3 Kf5 47. Be4+ Kg5 48. Ke2 Bb6 49. Kf3 Ne5+ 50. Ke2 Kh4 51. Bb7 Kg3
52. Bd5 f3+ 53. gxf3 Kxh3 54. f4 Ng6 55. Kf3 Nh4+ 56. Ke4 f5+ 57. Ke5 Bc7+ 0-1

[Event "Mittelfrankenliga 05/06 (B2b)"]
[Site "Mfr.2005/06-R6"]
[Date "2006.02.12"]
[Round "6.5"]
[White "Wind, Patrick"]
[Black "Sommer, Dieter"]
[Result "0-1"]
[WhiteElo "1872"]
[BlackElo "1719"]
[Annotator "Ansbach1-Bechhofen1"]
[PlyCount "64"]
[EventDate "2006.02.12"]
[SourceDate "2005.10.17"]

1. c4 e6 2. Nc3 d5 3. d4 Nf6 4. cxd5 exd5 5. Bg5 Be7 6. Qc2 h6 7. Bh4 O-O 8. e3
c6 9. Bd3 Be6 10. Nge2 Nbd7 11. O-O c5 12. dxc5 Nxc5 13. Rfd1 Nxd3 14. Qxd3 Qa5
15. Rac1 Rac8 16. Nd4 Rfd8 17. a3 a6 18. Nce2 Qb6 19. b4 g5 20. Bg3 Ne4 21. f3
Nxg3 22. Nxg3 Bf8 23. Ngf5 Bxf5 24. Nxf5 Rc6 25. Nd4 Rc7 26. Rxc7 Qxc7 27. Nf5
Bg7 28. Nxg7 Kxg7 29. Qd4+ f6 30. e4 Qc2 31. exd5 Re8 32. Qd3 Re1+ 0-1

[Event "Mittelfrankenliga 05/06 (B2b)"]
[Site "Mfr.2005/06-R6"]
[Date "2006.02.12"]
[Round "6.6"]
[White "Drechsler, Alfred"]
[Black "Kurz, Christian"]
[Result "1/2-1/2"]
[WhiteElo "1711"]
[BlackElo "1790"]
[Annotator "Ansbach1-Bechhofen1"]
[PlyCount "49"]
[EventDate "2006.02.12"]
[SourceDate "2005.10.17"]

1. d4 Nf6 2. c4 e6 3. Nf3 b6 4. Bg5 Bb7 5. Qb3 Be7 6. Nbd2 h6 7. Bxf6 Bxf6 8.
e3 d6 9. Bd3 Nd7 10. O-O O-O 11. Rad1 Qe7 12. Rfe1 e5 13. Qc2 Rfe8 14. d5 Nc5
15. e4 a5 16. a3 a4 17. Nb1 Bc8 18. Nfd2 Bg5 19. b4 axb3 20. Nxb3 Nxb3 21. Qxb3
Bd7 22. Nc3 Qf8 23. Nb5 Bd8 24. a4 g6 25. Bc2 1/2-1/2

[Event "Mittelfrankenliga 05/06 (B2b)"]
[Site "Mfr.2005/06-R6"]
[Date "2006.02.12"]
[Round "6.7"]
[White "Sandner, Andreas"]
[Black "Nitsche, Erwin"]
[Result "0-1"]
[WhiteElo "1596"]
[BlackElo "1657"]
[Annotator "Ansbach1-Bechhofen1"]
[PlyCount "52"]
[EventDate "2006.02.12"]
[SourceDate "2005.10.17"]

1. d4 d5 2. e3 e6 3. Bd3 Nf6 4. Nd2 c5 5. c3 Nc6 6. Ngf3 Bd6 7. O-O O-O 8. Qe2
Qc7 9. dxc5 Bxc5 10. e4 Ng4 11. h3 Nge5 12. Bc2 Ng6 13. Nb3 Bb6 14. Be3 dxe4
15. Bxe4 Rd8 16. Rad1 Bd7 17. Nfd4 Nxd4 18. Nxd4 a6 19. Rfe1 Be8 20. h4 e5 21.
Nf5 Bxe3 22. Qxe3 f6 23. Qg3 Kh8 24. h5 Nf4 25. h6 g6 26. Ng7 Rxd1 0-1

[Event "Mittelfrankenliga 05/06 (B2b)"]
[Site "Mfr.2005/06-R6"]
[Date "2006.02.12"]
[Round "6.8"]
[White "Riess, Michael"]
[Black "Rank, Klaus,Dr."]
[Result "1/2-1/2"]
[WhiteElo "1493"]
[BlackElo "1726"]
[Annotator "Ansbach1-Bechhofen1"]
[PlyCount "26"]
[EventDate "2006.02.12"]
[SourceDate "2005.10.17"]

1. e4 e5 2. d4 exd4 3. Bc4 Nc6 4. Nf3 Be7 5. Nxd4 d6 6. Nxc6 bxc6 7. O-O Nf6 8.
Nc3 O-O 9. Re1 Nd7 10. f4 Nb6 11. Bd3 f6 12. a4 a5 13. Be3 Ba6 1/2-1/2

[Event "Mittelfrankenliga 05/06 (B2b)"]
[Site "Mfr.2005/06-R6"]
[Date "2006.02.12"]
[Round "6.1"]
[White "Meyer, Friedrich[59]"]
[Black "Hetzner, Helmut"]
[Result "0-1"]
[WhiteElo "1842"]
[BlackElo "1934"]
[Annotator "SK Schwabach2-Gunzenhausen/Wbg.2"]
[PlyCount "104"]
[EventDate "2006.02.12"]
[SourceDate "2005.10.17"]

1. d4 Nf6 2. Nf3 c5 3. d5 e6 4. Nc3 d6 5. e4 Be7 6. Bb5+ Bd7 7. Qe2 e5 8. O-O
a6 9. Bxd7+ Nbxd7 10. a4 O-O 11. Ne1 Re8 12. f4 exf4 13. Bxf4 Ne5 14. Bxe5 dxe5
15. Kh1 Qb6 16. Rb1 Bf8 17. Nf3 Rad8 18. Nd2 Qc7 19. Rf5 Nd7 20. Rbf1 f6 21.
R5f3 Nb6 22. Nc4 Nxc4 23. Qxc4 Bd6 24. Rh3 Rf8 25. Qe2 g6 26. Qg4 Qd7 27. Qh4
Rf7 28. Rhf3 Rdf8 29. Qf2 f5 30. Qe2 f4 31. g3 g5 32. gxf4 gxf4 33. Rg1+ Rg7
34. Rxg7+ Qxg7 35. Qg2 Qxg2+ 36. Kxg2 Rb8 37. Rf1 Kg7 38. Kf3 h5 39. Rg1+ Kf6
40. h4 b5 41. axb5 axb5 42. Rg5 b4 43. Ne2 b3 44. Rxh5 bxc2 45. Rh6+ Ke7 46.
Rh7+ Ke8 47. Rh8+ Bf8 48. Rh7 Rb3+ 49. Kf2 Rxb2 50. Ke1 c4 51. Kd2 c1=Q+ 52.
Kxc1 Rxe2 0-1

[Event "Mittelfrankenliga 05/06 (B2b)"]
[Site "Mfr.2005/06-R6"]
[Date "2006.02.12"]
[Round "6.2"]
[White "Greul, Hans"]
[Black "Stephan, Eberhard"]
[Result "1-0"]
[WhiteElo "2029"]
[BlackElo "1980"]
[Annotator "SK Schwabach2-Gunzenhausen/Wbg.2"]
[PlyCount "73"]
[EventDate "2006.02.12"]
[SourceDate "2005.10.17"]

1. d4 Nf6 2. Nf3 g6 3. e3 Bg7 4. Be2 b6 5. O-O Bb7 6. c4 O-O 7. Nc3 d6 8. Qc2
Nc6 9. Rd1 a5 10. Bd2 Qd7 11. Rac1 Rac8 12. Be1 Rfd8 13. c5 Nb4 14. Qb1 Nbd5
15. Nxd5 Bxd5 16. b4 axb4 17. cxb6 cxb6 18. Bxb4 Qa4 19. a3 Be4 20. Qb2 Nd5 21.
Be1 Rc5 22. Qa2 Rc2 23. Rxc2 Bxc2 24. Rc1 Bb3 25. Qb2 Nf6 26. Nd2 Bd5 27. Qxb6
Qa8 28. f3 Rb8 29. Qc7 Be6 30. Qc3 Rc8 31. Qb2 Rb8 32. Qa1 Nd5 33. Bf2 Qa5 34.
Ne4 Rb3 35. Ng5 Qd2 36. Bc4 Rb2 37. Ne4 1-0

[Event "Mittelfrankenliga 05/06 (B2b)"]
[Site "Mfr.2005/06-R6"]
[Date "2006.02.12"]
[Round "6.3"]
[White "Kiersch, Helmut"]
[Black "Oberndoerfer, Dieter"]
[Result "1-0"]
[WhiteElo "1898"]
[BlackElo "1870"]
[Annotator "SK Schwabach2-Gunzenhausen/Wbg.2"]
[PlyCount "75"]
[EventDate "2006.02.12"]
[SourceDate "2005.10.17"]

1. e4 c5 2. Nf3 Nc6 3. d4 cxd4 4. Nxd4 Nf6 5. Nc3 e5 6. Ndb5 d6 7. Nd5 Nxd5 8.
exd5 Ne7 9. c4 a6 10. Nc3 f5 11. f3 e4 12. Be3 Bd7 13. Be2 Ng8 14. O-O Nf6 15.
a4 g6 16. Qb3 Bc8 17. Bb6 Qe7 18. a5 Bg7 19. Be3 Nd7 20. Na4 O-O 21. c5 Kh8 22.
c6 bxc6 23. dxc6 Nc5 24. Nxc5 dxc5 25. Rfd1 Be6 26. Qb7 Qf6 27. c7 Qxb2 28.
Qxb2 Bxb2 29. Rab1 Bd4 30. Bxd4+ cxd4 31. Rxd4 Rfc8 32. Rd6 Bg8 33. Rd7 Be6 34.
Re7 Bd5 35. Rd1 Bc6 36. Rd6 Bb5 37. Bxb5 axb5 38. Rdd7 1-0

[Event "Mittelfrankenliga 05/06 (B2b)"]
[Site "Mfr.2005/06-R6"]
[Date "2006.02.12"]
[Round "6.4"]
[White "Pechan, Willi"]
[Black "Enderlein, Hermann"]
[Result "1/2-1/2"]
[WhiteElo "1797"]
[BlackElo "1937"]
[Annotator "SK Schwabach2-Gunzenhausen/Wbg.2"]
[PlyCount "58"]
[EventDate "2006.02.12"]
[SourceDate "2005.10.17"]

1. e4 b6 2. d4 e6 3. Nf3 Bb7 4. Bd3 d5 5. e5 Qd7 6. O-O g6 7. c3 Ne7 8. Bg5 Bg7
9. Qe2 Nbc6 10. Nbd2 h6 11. Bh4 Nf5 12. Rfe1 Nxh4 13. Nxh4 Qe7 14. g3 g5 15.
Ng2 Qd7 16. Qg4 Ne7 17. f4 O-O-O 18. Nf3 Rdg8 19. Qh5 Qe8 20. Nd2 f5 21. Qxe8+
Rxe8 22. a4 Kd7 23. b4 a6 24. Kf2 Reg8 25. Rg1 Bf8 26. Be2 Ng6 27. Ke3 Be7 28.
Nb3 h5 29. h3 h4 1/2-1/2

[Event "Mittelfrankenliga 05/06 (B2b)"]
[Site "Mfr.2005/06-R6"]
[Date "2006.02.12"]
[Round "6.5"]
[White "Reichert, Romuald"]
[Black "Hoerath, Michael"]
[Result "1-0"]
[WhiteElo "1747"]
[BlackElo "1781"]
[Annotator "SK Schwabach2-Gunzenhausen/Wbg.2"]
[PlyCount "73"]
[EventDate "2006.02.12"]
[SourceDate "2005.10.17"]

1. d4 Nf6 2. Nc3 d5 3. e4 dxe4 4. f3 e6 5. fxe4 c5 6. Bb5+ Bd7 7. Bg5 Bxb5 8.
Bxf6 gxf6 9. Nxb5 a6 10. Nc3 cxd4 11. Nce2 Nc6 12. Nf3 Bc5 13. Qd3 Nb4 14. Qb3
Rc8 15. Nexd4 e5 16. a3 Qa5 17. Ke2 exd4 18. axb4 Qb5+ 19. Kd1 Bxb4 20. Qa4
Qxa4 21. Rxa4 Bc5 22. Ke2 Rg8 23. g3 Ke7 24. Rd1 Rgd8 25. Rd3 Rd7 26. Nh4 Rc6
27. Nf5+ Kd8 28. Kd2 Kc7 29. Ra1 Re6 30. Ng7 Rxe4 31. Rf1 Re3 32. Rxf6 Rde7 33.
Rxe3 dxe3+ 34. Ke2 Rd7 35. Ke1 e2 36. Rf5 Rd1+ 37. Kxe2 1-0

[Event "Mittelfrankenliga 05/06 (B2b)"]
[Site "Mfr.2005/06-R6"]
[Date "2006.02.12"]
[Round "6.6"]
[White "Heinrichmeier, Roland"]
[Black "Jaeger, Peter[63]"]
[Result "0-1"]
[WhiteElo "1715"]
[BlackElo "1799"]
[Annotator "SK Schwabach2-Gunzenhausen/Wbg.2"]
[PlyCount "80"]
[EventDate "2006.02.12"]
[SourceDate "2005.10.17"]

1. e4 e5 2. Nf3 Bc5 3. Bc4 d6 4. c3 Nf6 5. d4 exd4 6. cxd4 Bb6 7. Bg5 h6 8. Bh4
Be6 9. d5 Bg4 10. O-O O-O 11. Nbd2 Nbd7 12. b4 g5 13. Bg3 Nh5 14. Qc2 Qf6 15.
Rae1 a6 16. e5 dxe5 17. Nxe5 Nxg3 18. Nxd7 Bxd7 19. hxg3 Rae8 20. Ne4 Qd4 21.
Qd3 Bf5 22. Qxd4 Bxd4 23. Nc5 b5 24. Bb3 Bc8 25. Re4 Rxe4 26. Nxe4 Re8 27. Re1
Kg7 28. Kf1 Bb2 29. Nc5 Rxe1+ 30. Kxe1 Bc3+ 31. Ke2 Bxb4 32. Nd3 Bd6 33. Ke3 f5
34. f4 Kf6 35. Kd4 a5 36. a4 bxa4 37. Bxa4 Ba6 38. Ne5 Bf1 39. Nc6 Bxg2 40.
Nxa5 gxf4 0-1